[Event "63. BEM 2009"]
[Site "Dortmund"]
[Date "2009.03.10"]
[Round "8.15"]
[White "Noori, Mir Ahmad"]
[Black "Schirmer, Michael"]
[Result "1-0"]
[WhiteElo "1548"]
[BlackElo "1424"]
[PlyCount "123"]
[EventDate "2009.??.??"]
[Source "SG Dortmund"]
[SourceDate "2004.12.16"]

1. d4 e6 2. Nf3 c5 3. c3 cxd4 4. cxd4 Bb4+ 5. Nbd2 Nf6 6. e3 O-O 7. Bd3 d5 8.
O-O Nc6 9. Nb3 b6 10. a3 Bd6 11. Nbd2 e5 12. dxe5 Nxe5 13. Be2 Bb7 14. b3 Re8
15. Bb2 Neg4 16. Rc1 Nxf2 17. Rxf2 Ng4 18. Nf1 Nxf2 19. Kxf2 Qe7 20. Qd4 f6 21.
b4 Rac8 22. Qd2 Rxc1 23. Qxc1 Rc8 24. Qb1 Qc7 25. Bd3 h6 26. Bf5 Re8 27. Qd3
Qc4 28. N1d2 Qxd3 29. Bxd3 Bc8 30. g3 Be6 31. Nh4 Be5 32. Bd4 Bxd4 33. exd4 Rc8
34. Nb1 Rc1 35. Nf3 Kf7 36. Nfd2 Bg4 37. a4 Bd1 38. a5 Bc2 39. Ke3 Bxd3 40.
Kxd3 Rh1 41. Nc3 Ke6 42. Nb5 bxa5 43. bxa5 Kd7 44. Nxa7 Kc7 45. Nb3 Rxh2 46.
Kc3 Kb7 47. Nb5 Kc6 48. Kb4 h5 49. a6 Kb6 50. a7 Ra2 51. Nc5 Kc6 52. Na4 Kb7
53. Nc5+ Kc6 54. Na4 Kb7 55. Nac3 g5 56. Nxa2 h4 57. gxh4 gxh4 58. Nd6+ Kxa7
59. Nf5 h3 60. Nc3 h2 61. Ng3 f5 62. Nxd5 1-0

[Event "63. BEM 2009"]
[Site "Dortmund"]
[Date "2009.03.10"]
[Round "8.16"]
[White "Hansen, Jochen"]
[Black "Wiebesiek, Michael"]
[Result "0-1"]
[WhiteElo "1396"]
[BlackElo "1524"]
[PlyCount "58"]
[EventDate "2009.??.??"]
[Source "SG Dortmund"]
[SourceDate "2004.12.16"]

1. e4 Nc6 2. Nf3 a6 3. Bc4 b5 4. Bb3 Na5 5. c3 Nxb3 6. Qxb3 Bb7 7. d3 e6 8. Be3
Nf6 9. Nbd2 Be7 10. O-O O-O 11. Qc2 c5 12. d4 d6 13. e5 Nd5 14. exd6 Bxd6 15.
Bg5 Qc7 16. Ne4 cxd4 17. Nxd6 Qxd6 18. Nxd4 h6 19. Bh4 Rac8 20. Rac1 Rc4 21.
Bg3 Qe7 22. Rfe1 Qf6 23. Qe4 Rfc8 24. Be5 Qg5 25. Qf3 b4 26. Qg3 Qxg3 27. Bxg3
bxc3 28. bxc3 Nxc3 29. Nb3 Ne2+ 0-1

[Event "63. BEM 2009"]
[Site "Dortmund"]
[Date "2009.03.10"]
[Round "8.17"]
[White "Ezzat, Tarik"]
[Black "Siwy, Boguslaw"]
[Result "0-1"]
[WhiteElo "1517"]
[BlackElo "1412"]
[PlyCount "67"]
[EventDate "2009.??.??"]
[Source "SG Dortmund"]
[SourceDate "2004.12.16"]

1. Nc3 e5 2. Nf3 Nc6 3. e4 Nf6 4. d4 exd4 5. Nxd4 Bc5 6. Nf5 O-O 7. Bg5 Re8 8.
Be2 d6 9. g4 h6 10. Bh4 Bb4 11. f3 Ne5 12. Qd4 Bc5 13. Qa4 Bd7 14. Qb3 Be6 15.
Nd5 Bxd5 16. exd5 Ng6 17. Bg3 b5 18. Kd2 Nd7 19. h4 Ne7 20. Bd3 Nxf5 21. Bxf5
Be3+ 22. Kd1 Qf6 23. Re1 Qd4+ 24. Bd3 Nc5 25. Qxb5 Qxd5 26. Bf2 Qxf3+ 27. Be2
Qxf2 28. Rf1 Qg2 29. Qc4 Re7 30. c3 Rae8 31. Kc2 Qe4+ 32. Bd3 Nxd3 33. Qxd3
Qg2+ 34. Kd1 0-1

[Event "63. BEM 2009"]
[Site "Dortmund"]
[Date "2009.03.10"]
[Round "8.18"]
[White "Gennat, Egon L"]
[Black "Grawe, Herbert"]
[Result "0-1"]
[WhiteElo "1362"]
[BlackElo "1491"]
[PlyCount "98"]
[EventDate "2009.??.??"]
[Source "SG Dortmund"]
[SourceDate "2004.12.16"]

1. d4 Nc6 2. Nf3 f6 3. e4 e5 4. c3 d6 5. Nh4 Nce7 6. Be2 Be6 7. d5 Bf7 8. Qa4+
c6 9. dxc6 bxc6 10. Nf5 Qd7 11. O-O Nxf5 12. exf5 g6 13. fxg6 hxg6 14. f4 Rh4
15. g3 Rh7 16. fxe5 Bd5 17. Bf3 dxe5 18. Be3 e4 19. Bxe4 Qe6 20. Bxg6+ Rf7 21.
Qd4 c5 22. Bxf7+ Kxf7 23. Qd3 Bc4 24. Qh7+ Ke8 25. Qh5+ Kd7 26. Rd1+ Kc6 27.
Qf3+ Bd5 28. Qf4 Bh6 29. Qa4+ Kb6 30. Bxc5+ Kxc5 31. b4+ Kd6 32. Qa6+ Ke7 33.
Qxe6+ Kxe6 34. Re1+ Kd6 35. Kf2 f5 36. Na3 a6 37. c4 Be4 38. Rad1+ Kc6 39. Nb1
Nf6 40. h3 Rg8 41. Nc3 Rb8 42. a3 a5 43. Nxe4 Nxe4+ 44. Kg2 axb4 45. a4 b3 46.
Rd5 b2 47. Rb5 Rxb5 48. cxb5+ Kb6 49. g4 Bc1 0-1

[Event "63. BEM 2009"]
[Site "Dortmund"]
[Date "2009.03.10"]
[Round "8.19"]
[White "Zabel, Reinhard"]
[Black "Krüger, Inge"]
[Result "1-0"]
[WhiteElo "1489"]
[BlackElo "1272"]
[PlyCount "93"]
[EventDate "2009.??.??"]
[Source "SG Dortmund"]
[SourceDate "2004.12.16"]

1. e4 e6 2. Nf3 d5 3. exd5 exd5 4. d4 Nf6 5. Bd3 Be7 6. Bg5 Nbd7 7. O-O O-O 8.
Re1 Re8 9. Nc3 c6 10. Ne2 Nf8 11. Ng3 Be6 12. c3 h6 13. Bxf6 Bxf6 14. Qc2 Qc7
15. Re3 Rad8 16. Rae1 Qc8 17. h3 Bd7 18. Nh5 Bg5 19. Nxg5 hxg5 20. Ng3 Rxe3 21.
Rxe3 Re8 22. Qd2 g4 23. hxg4 Bxg4 24. Rxe8 Qxe8 25. Qe3 Qxe3 26. fxe3 Ne6 27.
Kf2 g6 28. Bc2 f5 29. Bd3 Kg7 30. Be2 Bxe2 31. Nxe2 Ng5 32. Ng3 Ne4+ 33. Nxe4
fxe4 34. Kg3 Kf6 35. Kf4 g5+ 36. Kg4 Kg6 37. b3 b6 38. c4 a6 39. cxd5 cxd5 40.
b4 a5 41. bxa5 bxa5 42. a4 Kf6 43. Kh5 Kf5 44. g4+ Kf6 45. Kh6 Kf7 46. Kxg5 Kg7
47. Kf5 1-0

[Event "63. BEM 2009"]
[Site "Dortmund"]
[Date "2009.03.10"]
[Round "8.20"]
[White "Schultz, Bernfried"]
[Black "Fahle, Karl-Wilhelm"]
[Result "1-0"]
[WhiteElo "1683"]
[BlackElo "1202"]
[PlyCount "81"]
[EventDate "2009.??.??"]
[Source "SG Dortmund"]
[SourceDate "2004.12.16"]

1. e4 e5 2. Nf3 Nf6 3. Nc3 Nc6 4. d4 exd4 5. Nxd4 Nxd4 6. Qxd4 c5 7. Qd3 d6 8.
Be2 Be6 9. Bf4 a6 10. Rd1 b5 11. O-O Be7 12. Qg3 Qb6 13. Bxd6 Rd8 14. Bc7 Qc6
15. Bxd8 Bxd8 16. Qxg7 Rg8 17. Rxd8+ Kxd8 18. Qxf6+ Kc7 19. Bf3 Rg6 20. Qe7+
Qd7 21. Qxc5+ Qc6 22. Qb4 Bh3 23. Nd5+ Kd7 24. Qe7+ Kc8 25. Qxf7 Qd7 26. Nb6+
Rxb6 27. Qxd7+ Kxd7 28. gxh3 Rg6+ 29. Bg2 h5 30. f4 h4 31. c3 Rd6 32. f5 Ke7
33. e5 Rd2 34. Rf2 Rd8 35. f6+ Ke6 36. f7 Rf8 37. Bb7 a5 38. Ba6 Rxf7 39. Bc8+
Ke7 40. Rxf7+ Kxf7 41. Kf2 1-0

[Event "63. BEM 2009"]
[Site "Dortmund"]
[Date "2009.03.10"]
[Round "8.21"]
[White "Strotmann, Dieter"]
[Black "Völler, Lothar"]
[Result "1/2-1/2"]
[WhiteElo "1192"]
[BlackElo "1492"]
[PlyCount "76"]
[EventDate "2009.??.??"]
[Source "SG Dortmund"]
[SourceDate "2004.12.16"]

1. d4 d5 2. Nf3 Nf6 3. Bf4 a6 4. e3 e6 5. Bd3 c5 6. c3 Nc6 7. Nbd2 cxd4 8. exd4
b5 9. a3 Be7 10. O-O O-O 11. Re1 Bb7 12. Qc2 h6 13. h3 Rc8 14. Qb3 Na5 15. Qa2
Nc4 16. Bxc4 dxc4 17. Re2 Nd5 18. Bg3 Bg5 19. Nxg5 hxg5 20. Nf3 Nf4 21. Bxf4
gxf4 22. Nh2 Qg5 23. f3 f5 24. Rxe6 Rf7 25. Rae1 Rcf8 26. Qb1 Rf6 27. Qd1 Bd5
28. Re8 Rg6 29. Qe2 Qf6 30. Rxf8+ Qxf8 31. Qe5 Qf7 32. Qxf4 Re6 33. Re5 Rxe5
34. Qxe5 Qe6 35. f4 Qc6 36. Qe2 Be4 37. Nf1 Qh6 38. Qf2 Qh5 1/2-1/2

[Event "63. BEM 2009"]
[Site "Dortmund"]
[Date "2009.03.10"]
[Round "8.22"]
[White "Jentzsch, Werner Wilfried"]
[Black "Hast, Stefan"]
[Result "1-0"]
[WhiteElo "1414"]
[BlackElo "1143"]
[PlyCount "49"]
[EventDate "2009.??.??"]
[Source "SG Dortmund"]
[SourceDate "2004.12.16"]

1. d4 Nf6 2. c4 e6 3. Nc3 Bb4 4. Bd2 c5 5. Nb5 Bxd2+ 6. Qxd2 Ne4 7. Qf4 Qa5+ 8.
Kd1 Qa4+ 9. b3 Nc3+ 10. Nxc3 Qb4 11. Qd2 a6 12. d5 O-O 13. Na4 Qa3 14. Qb2 Qxb2
15. Nxb2 b5 16. e4 f5 17. e5 bxc4 18. Bxc4 Bb7 19. dxe6 dxe6 20. Bxe6+ Kh8 21.
Nf3 Rd8+ 22. Ke2 Nc6 23. Bxf5 Ne7 24. Bc2 Nf5 25. Bxf5 1-0

[Event "63. BEM 2009"]
[Site "Dortmund"]
[Date "2009.03.10"]
[Round "8.24"]
[White "Kiauka, Richard"]
[Black "Vogt, Christian"]
[Result "0-1"]
[WhiteElo "1148"]
[BlackElo "1046"]
[PlyCount "60"]
[EventDate "2009.??.??"]
[Source "SG Dortmund"]
[SourceDate "2004.12.16"]

1. e4 e5 2. Nf3 Nf6 3. Nc3 Bb4 4. d3 d5 5. Bd2 dxe4 6. Nxe4 Bxd2+ 7. Qxd2 Nxe4
8. dxe4 Qxd2+ 9. Nxd2 Be6 10. Bc4 Ke7 11. Bxe6 Kxe6 12. Nb3 b6 13. O-O Nc6 14.
c3 Rad8 15. f4 exf4 16. Rxf4 Rd7 17. Raf1 Rhd8 18. h3 f6 19. h4 Rd1 20. Rxd1
Rxd1+ 21. Kf2 Rb1 22. Rg4 g6 23. Nd4+ Nxd4 24. cxd4 Rxb2+ 25. Ke3 Rxa2 26. Kd3
f5 27. exf5+ Kxf5 28. Rg5+ Kf6 29. Kc3 h6 30. Rg3 Ra3+ 0-1

[Event "63. BEM 2009"]
[Site "Dortmund"]
[Date "2009.03.10"]
[Round "8.25"]
[White "Weih, Kurt"]
[Black "Bönke, Holger E"]
[Result "1-0"]
[WhiteElo "1232"]
[BlackElo "1121"]
[PlyCount "43"]
[EventDate "2009.??.??"]
[Source "SG Dortmund"]
[SourceDate "2004.12.16"]

1. e4 e6 2. f4 Nf6 3. Nc3 d6 4. Nf3 g6 5. d4 Bg7 6. Bd3 O-O 7. h4 h6 8. Bd2 c6
9. Qe2 b5 10. Qf2 Ng4 11. Qg3 h5 12. O-O-O Qa5 13. Kb1 Na6 14. Nd5 Qd8 15. Ne3
e5 16. f5 Nf6 17. fxg6 Ng4 18. gxf7+ Rxf7 19. Rdf1 b4 20. Nh2 Rxf1+ 21. Rxf1
Bf6 22. Nhxg4 1-0

[Event "63. BEM 2009"]
[Site "Dortmund"]
[Date "2009.03.10"]
[Round "8.26"]
[White "Schaefer, Ulrich"]
[Black "Rabe, Mark"]
[Result "1-0"]
[WhiteElo "1328"]
[BlackElo "999"]
[PlyCount "83"]
[EventDate "2009.??.??"]
[Source "SG Dortmund"]
[SourceDate "2004.12.16"]

1. e4 c6 2. d4 d5 3. Nc3 e6 4. a3 Nd7 5. Nf3 dxe4 6. Nxe4 Be7 7. Bd3 Ngf6 8.
Be3 Ng4 9. Bf4 c5 10. Bb5 Qa5+ 11. Nc3 a6 12. Bd3 b5 13. dxc5 Nxc5 14. Ne5 Nxe5
15. Bxe5 O-O 16. O-O Nd7 17. Qh5 h6 18. Rfe1 Nxe5 19. Qxe5 Bf6 20. Qe4 g6 21.
Qxa8 Qb6 22. Qf3 Kg7 23. Ne4 Qd4 24. Qxf6+ Qxf6 25. Nxf6 Kxf6 26. Re3 Bb7 27.
Be4 Bc8 28. Rd1 a5 29. Red3 Ke7 30. Bc6 b4 31. axb4 axb4 32. Rb3 g5 33. Rxb4
Kf6 34. Rb8 Kf5 35. Bd7 f6 36. Rxc8 Rf7 37. Re8 Kg6 38. Bxe6 Ra7 39. g4 Ra4 40.
Bf5+ Kf7 41. Rb8 Ra2 42. Rd7# 1-0

[Event "63. BEM 2009"]
[Site "Dortmund"]
[Date "2009.03.10"]
[Round "8.27"]
[White "Böckmann, Lieselotte"]
[Black "Schirmer, Florian"]
[Result "0-1"]
[WhiteElo "978"]
[BlackElo "952"]
[PlyCount "60"]
[EventDate "2009.??.??"]
[Source "SG Dortmund"]
[SourceDate "2004.12.16"]

1. d4 f5 2. c4 e6 3. a3 Nf6 4. Bf4 c6 5. Nf3 d5 6. Nc3 Bd6 7. e3 Bxf4 8. exf4
O-O 9. Be2 Nbd7 10. O-O Ne4 11. Nb1 Ndf6 12. Ne5 dxc4 13. f3 Nd6 14. b3 cxb3
15. Qxb3 Nb5 16. Bxb5 Qxd4+ 17. Kh1 cxb5 18. Rd1 Qxf4 19. Qb2 Nd5 20. Nd3 Qg5
21. Nc3 Qf6 22. Re1 Nxc3 23. Qf2 Bd7 24. Nc5 Bc8 25. Re3 Qd4 26. Rc1 Nd1 27.
Rxd1 Qxd1+ 28. Re1 Rd8 29. Qf1 Qd5 30. Rd1 Qxd1 0-1

[Event "63. BEM 2009"]
[Site "Dortmund"]
[Date "2009.03.12"]
[Round "9.1"]
[White "Kartsev, Alexandr"]
[Black "Schiefelbusch, Dirk"]
[Result "1-0"]
[WhiteElo "1988"]
[BlackElo "2093"]
[PlyCount "127"]
[EventDate "2009.??.??"]
[Source "SG Dortmund"]
[SourceDate "2004.12.16"]

1. d4 d5 2. Nf3 Nf6 3. c4 c6 4. e3 Bf5 5. Nc3 e6 6. Nh4 Bg4 7. Qb3 Qc7 8. h3
Bh5 9. g4 Bg6 10. Nxg6 hxg6 11. Bg2 Be7 12. Bd2 Nbd7 {(=)} 13. Rc1 Qb6 14. Qxb6
Nxb6 15. cxd5 exd5 16. Rc2 Nc4 17. Bc1 g5 18. e4 dxe4 19. Nxe4 Nxe4 20. Rxc4
Nd6 21. Rxc6 Kd7 22. Rc2 Rac8 23. Kd1 b6 24. Be3 Nc4 25. Bd5 Nxe3+ 26. fxe3
Rxc2 27. Kxc2 f6 28. Be4 Bd6 29. Kd3 Bg3 30. Bg2 Rc8 31. Rd1 Kd6 32. Rf1 Ke7
33. Kd2 Rc7 34. Rf3 Bh2 35. Rf5 Bd6 36. Rb5 Rc4 37. Rb3 Rb4 38. Rxb4 Bxb4+ 39.
Kd3 Be1 40. Bb7 Kd6 41. Ke2 Bg3 42. Kf3 Be1 43. Ba6 Kc7 44. Bc4 Kd6 45. b3 Kc7
46. e4 Kd6 47. e5+ fxe5 48. d5 b5 49. Bxb5 Kxd5 50. Ke3 a5 51. Bc4+ Kc5 52. Ke4
a4 53. Kf5 Bd2 54. Kg6 Kd4 55. Kxg7 Bb4 56. Kf6 axb3 57. axb3 Bd2 58. Kg6 Ke4
59. Kh5 Kf3 60. h4 gxh4 61. Kxh4 e4 62. g5 e3 63. g6 Bc3 64. b4 1-0

[Event "63. BEM 2009"]
[Site "Dortmund"]
[Date "2009.03.12"]
[Round "9.2"]
[White "Begna, Bozidar"]
[Black "Schütte, Tobias"]
[Result "0-1"]
[WhiteElo "1937"]
[BlackElo "1912"]
[PlyCount "45"]
[EventDate "2009.??.??"]
[Source "SG Dortmund"]
[SourceDate "2004.12.16"]

1. a3 e5 2. b4 d5 3. Nf3 Bd6 4. Bb2 Qe7 5. e3 Bg4 6. Be2 Nf6 7. d3 Nbd7 8. Nbd2
c6 9. c4 O-O 10. O-O e4 11. Ne1 Bf5 12. d4 Qe6 13. c5 Bc7 14. Nc2 Ng4 15. Bxg4
Bxg4 16. f3 Bh5 17. g4 Bg6 18. f4 f5 19. g5 h6 20. h4 hxg5 21. hxg5 Qe8 22. Kf2
Bh5 23. Rh1 0-1

[Event "63. BEM 2009"]
[Site "Dortmund"]
[Date "2009.03.12"]
[Round "9.3"]
[White "Goldschmidt, Christian"]
[Black "Zelt, Jens"]
[Result "1/2-1/2"]
[WhiteElo "2169"]
[BlackElo "2015"]
[PlyCount "72"]
[EventDate "2009.??.??"]
[Source "SG Dortmund"]
[SourceDate "2004.12.16"]

1. e4 c5 2. c4 d6 3. Nf3 Nc6 4. d4 cxd4 5. Nxd4 Bd7 6. Nc3 g6 7. Be2 Bg7 8. Be3
Nf6 9. O-O O-O 10. Qd2 Re8 11. Rfd1 Ng4 12. Bxg4 Bxg4 13. f3 Nxd4 14. Bxd4
Bxd4+ 15. Qxd4 Be6 16. b3 Qa5 17. Rd2 a6 18. Rad1 Rac8 19. Nd5 Bxd5 20. Qxd5
Qc5+ 21. Qxc5 Rxc5 22. Rd5 Rec8 23. Kf2 Kg7 24. g4 h6 25. h4 Rxd5 26. Rxd5 Rc6
27. Ke3 e6 28. Ra5 e5 29. Rd5 Kf6 30. Kd3 Ke6 31. b4 f5 32. c5 fxg4 33. fxg4
dxc5 34. bxc5 b6 35. cxb6 Rxb6 36. Ra5 Rc6 1/2-1/2

[Event "63. BEM 2009"]
[Site "Dortmund"]
[Date "2009.03.12"]
[Round "9.4"]
[White "Lindam, Ingo"]
[Black "Ziperstein, Jakob"]
[Result "1-0"]
[WhiteElo "2033"]
[BlackElo "1801"]
[PlyCount "101"]
[EventDate "2009.??.??"]
[Source "SG Dortmund"]
[SourceDate "2004.12.16"]

1. d4 Nf6 2. Bg5 g6 3. Nc3 Bg7 4. e4 d6 5. Bc4 O-O 6. Qe2 c5 7. dxc5 Qa5 8.
O-O-O Nc6 9. Nb5 a6 10. Bd2 Bh6 11. Bxh6 axb5 12. Bb3 dxc5 13. Bxf8 Kxf8 14. e5
Ne8 15. c4 Be6 16. Nf3 Nb4 17. a3 Nc6 18. Qe3 bxc4 19. Qh6+ Ng7 20. Qxh7 f6 21.
exf6 exf6 22. Bxc4 Bxc4 23. Rd7 Ne7 24. Rxe7 Kxe7 25. Qxg7+ Kd8 26. Qxf6+ Kc8
27. Qf8+ Qd8 28. Qxc5+ Kb8 29. Qxc4 Ra6 30. Rd1 Qf6 31. Kb1 Rc6 32. Qd3 Qg7 33.
Qd8+ Rc8 34. Qd6+ Ka8 35. Qe5 Qh6 36. Qa5+ Kb8 37. Qe5+ Ka8 38. Qe3 Qh7 39. Qe4
Qh6 40. Qe3 Qh7 41. Rd4 g5+ 42. Qd3 Qf7 43. Ra4+ Kb8 44. Qd6+ Rc7 45. Qd8+ Rc8
46. Ra8+ Kxa8 47. Qxc8+ Ka7 48. Qc5+ Ka8 49. Qxg5 Qc4 50. Qd8+ Ka7 51. Qd4+ 1-0

[Event "63. BEM 2009"]
[Site "Dortmund"]
[Date "2009.03.12"]
[Round "9.5"]
[White "Raskin, Vitali"]
[Black "Kartsev, Soel"]
[Result "0-1"]
[WhiteElo "1612"]
[BlackElo "2127"]
[PlyCount "92"]
[EventDate "2009.??.??"]
[Source "SG Dortmund"]
[SourceDate "2004.12.16"]

1. d4 c5 2. dxc5 Na6 3. Nf3 Nxc5 4. Nc3 Nf6 5. b4 Nce4 6. Nxe4 Nxe4 7. Qd4 d5
8. c4 e6 9. a3 a5 10. cxd5 Qxd5 11. Qxd5 exd5 12. b5 Bd7 13. e3 Nc3 14. Nd4 Bc5
15. a4 O-O 16. Bd3 Bxd4 17. exd4 Rae8+ 18. Be3 f5 19. O-O b6 20. Bf4 h6 21. Bc7
Rf6 22. Be5 Rf7 23. f3 f4 24. Rfc1 Rc8 25. Kf1 Bf5 26. Bxf5 Rxf5 27. Ra3 Rxe5
28. dxe5 d4 29. g3 g5 30. gxf4 gxf4 31. Ke1 Re8 32. Kd2 Rxe5 33. Re1 Rh5 34.
Re8+ (34. Kd3 $1 Nd5 (34... Rxh2 35. Kxd4 Ne2+ 36. Ke5 $18) 35. Kxd4 Ne3 36.
Re2 Kf7 37. Ke4 Kf6 38. Kxf4 Nf5 39. Ke4 Nd6+ 40. Kd3 $18) 34... Kf7 35. Rb8
Nb1+ 36. Kd3 Nxa3 37. Kxd4 Nxb5+ 38. axb5 Rxb5 39. Ke4 a4 40. Ra8 Ra5 41. Rc8
a3 42. Rc1 a2 43. Ra1 Ke6 44. Kxf4 Kd5 45. Ke3 Kc4 46. Kd2 Kb3 0-1

[Event "63. BEM 2009"]
[Site "Dortmund"]
[Date "2009.03.12"]
[Round "9.6"]
[White "Lauche, Christoph"]
[Black "Krüger, Georg"]
[Result "1/2-1/2"]
[WhiteElo "1950"]
[BlackElo "1711"]
[PlyCount "76"]
[EventDate "2009.??.??"]
[Source "SG Dortmund"]
[SourceDate "2004.12.16"]

1. e4 c5 2. b4 cxb4 3. a3 d5 4. exd5 Qxd5 5. Nf3 e6 6. axb4 Bxb4 7. Na3 Nc6 8.
Nb5 Qd8 9. c3 Be7 10. d4 Nf6 11. Be2 a6 12. c4 O-O 13. O-O Bd7 14. Nc3 Qc7 15.
Bb2 Rfd8 16. Rc1 Be8 17. Qb3 Qd6 18. Rfd1 Qb4 19. Qa2 Qa5 20. Qb1 Rac8 21. Ne4
Qb6 22. Nc3 Nxd4 23. Nxd4 Rxd4 24. Rxd4 Qxd4 25. Nd5 Qc5 26. Nxf6+ gxf6 27. Rc3
Bd6 28. Rh3 f5 29. Qc1 f4 30. Qc3 e5 31. Qd3 f5 32. Qxf5 Bg6 33. Qe6+ Kg7 34.
Qd7+ Be7 35. Qe6 Bf6 36. Qd7+ Be7 37. Qe6 Bf6 38. Qd7+ Be7 1/2-1/2

[Event "63. BEM 2009"]
[Site "Dortmund"]
[Date "2009.03.12"]
[Round "9.8"]
[White "Ziemek, Gerhard"]
[Black "Hellwig, Thomas"]
[Result "0-1"]
[WhiteElo "1733"]
[BlackElo "1858"]
[PlyCount "120"]
[EventDate "2009.??.??"]
[Source "SG Dortmund"]
[SourceDate "2004.12.16"]

1. d4 Nf6 2. Nc3 d5 3. f3 c5 4. Bg5 cxd4 5. Qxd4 Nc6 6. Qd1 d4 7. Bxf6 gxf6 8.
Ne4 f5 9. Nf2 e5 10. a3 Qa5+ 11. Qd2 Qxd2+ 12. Kxd2 Be6 13. e4 dxe3+ 14. Kxe3
Bc5+ 15. Ke2 Nd4+ 16. Kd2 O-O-O 17. Nd3 Be7 18. Re1 Nc6 19. Kc1 f6 20. Ne2 Kb8
21. Nc3 Rc8 22. Nf4 Bf7 23. Nfd5 Rhd8 24. Nxe7 Nxe7 25. Bd3 Bg6 26. Kb1 Nd5 27.
Nxd5 Rxd5 28. h4 f4 29. Bxg6 hxg6 30. Re2 Rd7 31. Kc1 Rh8 32. Rd2 Rdh7 33. Rd6
Rf7 34. c4 Kc7 35. c5 b6 36. b4 bxc5 37. bxc5 Rb8 38. h5 gxh5 39. Rxh5 Rb5 40.
Ra6 Rxc5+ 41. Kb2 Kb7 42. Rd6 Rc6 43. Rd2 Rb6+ 44. Ka2 a5 45. Rh6 Rc7 46. Rg6
a4 47. Rb2 Rcc6 48. Kb1 Rxb2+ 49. Kxb2 Kb6 50. Rg8 Kb5 51. Ra8 f5 52. Rf8 Rg6
53. Rxf5 Rxg2+ 54. Kc3 Re2 55. Kd3 Re3+ 56. Kc2 Kc4 57. Rf8 Rxa3 58. Rc8+ Kd4
59. Kb2 Rxf3 60. Ra8 Rb3+ 0-1

[Event "63. BEM 2009"]
[Site "Dortmund"]
[Date "2009.03.12"]
[Round "9.9"]
[White "Grawe, Herbert"]
[Black "Kropp, Andreas"]
[Result "0-1"]
[WhiteElo "1491"]
[BlackElo "1884"]
[PlyCount "64"]
[EventDate "2009.??.??"]
[Source "SG Dortmund"]
[SourceDate "2004.12.16"]

1. Nc3 c5 2. e4 Nc6 3. a3 g6 4. Bc4 Bg7 5. d3 a6 6. f4 b5 7. Ba2 e6 8. e5 d5 9.
Nf3 Qb6 10. Nxd5 exd5 11. Bxd5 Nge7 12. Ba2 O-O 13. O-O Bg4 14. h3 Bxf3 15.
Qxf3 Nd4 16. Qf2 Rad8 17. c3 Ne6 18. Qf3 Kh8 19. g4 f5 20. g5 Rd7 21. b4 Rfd8
22. Bb1 Nd5 23. Bb2 cxb4+ 24. d4 bxc3 25. Bc1 Nxd4 26. Qf2 Ne2+ 27. Kg2 Qxf2+
28. Kxf2 Ndxf4 29. Re1 Re7 30. Bxf4 Nxf4 31. Kg3 Bxe5 32. Rxe5 Nh5+ 0-1

[Event "63. BEM 2009"]
[Site "Dortmund"]
[Date "2009.03.12"]
[Round "9.10"]
[White "Siwy, Boguslaw"]
[Black "Morawietz, Manuel"]
[Result "1/2-1/2"]
[WhiteElo "1412"]
[BlackElo "1810"]
[PlyCount "48"]
[EventDate "2009.??.??"]
[Source "SG Dortmund"]
[SourceDate "2004.12.16"]

1. e4 e6 2. d4 d5 3. Nc3 Nf6 4. Bg5 dxe4 5. Nxe4 Nbd7 6. Nf3 h6 7. Bxf6 Nxf6 8.
Bd3 Bd6 9. O-O O-O 10. Qe2 Nd5 11. Nxd6 cxd6 12. Qe4 f5 13. Qh4 Rf6 14. Rfe1 g5
15. Nxg5 hxg5 16. Qxg5+ Kf7 17. Qh5+ Rg6 18. Qh7+ Rg7 19. Qh5+ Kg8 20. Bxf5 Nf4
21. Qf3 Qg5 22. Bh3 e5 23. Bxc8 Rxc8 24. g3 Rxc2 1/2-1/2

[Event "63. BEM 2009"]
[Site "Dortmund"]
[Date "2009.03.12"]
[Round "9.11"]
[White "Gegner, Michael"]
[Black "Sonntag, Joachim"]
[Result "1/2-1/2"]
[WhiteElo "1440"]
[BlackElo "1788"]
[PlyCount "41"]
[EventDate "2009.??.??"]
[Source "SG Dortmund"]
[SourceDate "2004.12.16"]

1. d4 d5 2. e4 dxe4 3. Nc3 Nf6 4. f3 exf3 5. Nxf3 Bg4 6. h3 Bh5 7. g4 Bg6 8.
Ne5 e6 9. Bg2 c6 10. Rf1 Bb4 11. Nxg6 hxg6 12. Qf3 Qc7 13. Bf4 Qe7 14. Bg5 Nbd7
15. O-O-O Bxc3 16. bxc3 Qa3+ 17. Kd2 Qxa2 18. h4 Qd5 19. Qe2 Qa5 20. Ra1 Qb6
21. Rab1 1/2-1/2

[Event "63. BEM 2009"]
[Site "Dortmund"]
[Date "2009.03.12"]
[Round "9.12"]
[White "Boxberg, Marc"]
[Black "Noori, Mir Ahmad"]
[Result "1/2-1/2"]
[WhiteElo "1409"]
[BlackElo "1548"]
[PlyCount "71"]
[EventDate "2009.??.??"]
[Source "SG Dortmund"]
[SourceDate "2004.12.16"]

1. e4 e6 2. d4 g6 3. f4 Bg7 4. Nf3 d6 5. Bd3 Ne7 6. c3 Nd7 7. O-O d5 8. e5 h5
9. Be3 b6 10. Nbd2 Bb7 11. Qe1 Nf8 12. h3 a6 13. g4 Qd7 14. Qe2 Qc8 15. Rf2 b5
16. Rg2 Qd7 17. Kh2 hxg4 18. Rxg4 Nf5 19. Bxf5 exf5 20. Rh4 Rxh4 21. Nxh4 Ne6
22. Nhf3 Bh6 23. h4 Bxf4+ 24. Bxf4 Nxf4 25. Qe3 Ne6 26. Ng5 {(=)} 26... O-O-O
27. Nxe6 Qxe6 28. Nf3 Rh8 29. Kg3 Qe7 30. Qg5 Kd7 31. Qxe7+ Kxe7 32. Rg1 Bc8
33. Kf4 Be6 34. b4 Kd7 35. a3 {(=)} 35... c6 36. Rg2 1/2-1/2

[Event "63. BEM 2009"]
[Site "Dortmund"]
[Date "2009.03.12"]
[Round "9.13"]
[White "Wiebesiek, Michael"]
[Black "Zabel, Reinhard"]
[Result "1-0"]
[WhiteElo "1524"]
[BlackElo "1489"]
[PlyCount "47"]
[EventDate "2009.??.??"]
[Source "SG Dortmund"]
[SourceDate "2004.12.16"]

1. d4 d5 2. Bg5 Nf6 3. Nf3 e6 4. e3 c5 5. c3 Nc6 6. Nbd2 Bd7 7. Rb1 cxd4 8.
exd4 Be7 9. Bd3 Nh5 10. Be3 Nf6 11. Ne5 Bd6 12. f4 O-O 13. O-O h6 14. Qf3 Nh7
15. Qg3 f5 16. Nxd7 Qxd7 17. Nf3 Nf6 18. Ne5 Qe8 19. Rbe1 Ne4 20. Qh3 Bxe5 21.
fxe5 Qg6 22. Rf4 Kh7 23. Ref1 Qg5 24. Rxe4 1-0

[Event "63. BEM 2009"]
[Site "Dortmund"]
[Date "2009.03.12"]
[Round "9.14"]
[White "Gerke, Dieter"]
[Black "Schultz, Bernfried"]
[Result "0-1"]
[WhiteElo "1587"]
[BlackElo "1683"]
[PlyCount "84"]
[EventDate "2009.??.??"]
[Source "SG Dortmund"]
[SourceDate "2004.12.16"]

1. d4 Nf6 2. c4 e5 3. dxe5 Ng4 4. e3 Nxe5 5. Nf3 Nbc6 6. Be2 Bb4+ 7. Bd2 Bxd2+
8. Nbxd2 Qf6 9. Qb3 O-O 10. Nxe5 Nxe5 11. Nf3 d6 12. Nxe5 dxe5 13. O-O Qg6 14.
Rfd1 b6 15. Rd2 Bb7 16. Bf1 Rfd8 17. Rad1 Rxd2 18. Rxd2 Qc6 19. Qd1 Re8 20. Qg4
g6 21. b4 f5 22. Qd1 Bc8 23. b5 Qc5 24. Rd8 Qe7 25. Rxe8+ Qxe8 26. Qd5+ Kg7 27.
c5 Qe6 28. Qxe6 Bxe6 29. cxb6 axb6 30. a3 Kf7 31. Be2 Ke7 32. h4 Kd6 33. f3 Kc5
34. g4 Bc4 35. Bxc4 Kxc4 36. a4 Kb4 37. e4 f4 38. Kh2 Kxa4 39. Kh3 Kxb5 40. g5
c5 41. Kg4 c4 42. h5 c3 0-1

[Event "63. BEM 2009"]
[Site "Dortmund"]
[Date "2009.03.12"]
[Round "9.15"]
[White "Duschek, Günter"]
[Black "Reinacher, Detlev"]
[Result "1/2-1/2"]
[WhiteElo "1640"]
[BlackElo "1554"]
[PlyCount "30"]
[EventDate "2009.??.??"]
[Source "SG Dortmund"]
[SourceDate "2004.12.16"]

1. d4 Nf6 2. Bf4 d6 3. e3 g6 4. c3 Nbd7 5. h4 c6 6. Be2 Bg7 7. h5 e5 8. Bg3
gxh5 9. Bxh5 Nxh5 10. Qxh5 h6 11. Qg4 Qf6 12. Bh4 Qg6 13. Qg3 Qxg3 14. Bxg3 b5
15. Nd2 f5 1/2-1/2